STALACTITES IN MUSLIM ARCHITECTURE
محفوظ في:
المؤلف الرئيسي:
التنسيق: كتاب
اللغة: Undetermined
منشور في:
McGraw, Inc
1980
الوسوم: إضافة وسم
لا توجد وسوم, كن أول من يضع وسما على هذه التسجيلة!
رقم الطلب: (P)NA380 .S75
| LEADER | 00457nam a2200169Ia 4500 | ||
|---|---|---|---|
| 005 | 20240508105908.0 | ||
| 008 | 240503s9999||||xx |||||||||||||| ||und|| | ||
| 999 | |c 58282 |d 58282 | ||
| 050 | 4 | |a (P)NA380 .S75 | |
| 100 | 1 | |a Dr. KAMAL EL-DIN SAМЕН | |
| 245 | 1 | 0 | |a STALACTITES IN MUSLIM ARCHITECTURE |
| 264 | 1 | |b McGraw, Inc |c 1980 | |
| 300 | |a 21 |c 30 | ||
| 336 | |2 rdacontent |a text |b txt | ||
| 337 | |2 rdamedia |a unmediated |b n | ||
| 338 | |2 rdacarrier |a volume |b n | ||
| 942 | |2 lcc |c PT | ||
